000 00355 a2200157 4500
001 47896
020 _a9788578481025
040 _cAnchieta - Aquarius
100 _aWesterlund, Kate
240 1 0 _aCavalinhos de madeira
_lpor
245 1 0 _aCavalinhos de madeira
300 _a31
362 0 _a2013
650 4 _aLiteratura infanto-juvenil
942 _cBK
999 _c47896
_d47896